Armada española desde la unión de los reinos de Castilla y Aragón / (Record no. 53694)

MARC details
000 -LEADER
campo de control de longitud fija 00940nam a22002295i 4500
001 - NÚMERO DE CONTROL
campo de control 53694
003 - IDENTIFICADOR DE NÚMERO DE CONTROL
campo de control ES-MaACL
005 - FECHA Y HORA DE LA ÚLTIMA TRANSACCIÓN
campo de control 20250718184447.0
007 - CAMPO FIJO DE DESCRIPCIÓN FÍSICA--INFORMACIÓN GENERAL
campo de control de longitud fija t|
008 - DATOS DE LONGITUD FIJA--INFORMACIÓN GENERAL
campo de control de longitud fija 960703m18951903sp ||||1| spa d
100 1# - ENTRADA PRINCIPAL--NOMBRE DE PERSONA
Nombre de persona Fernández Duro, Cesáreo,
Fechas asociadas al nombre 1830-1908
9 (RLIN) 49752
245 10 - MENCIÓN DEL TÍTULO
Título Armada española desde la unión de los reinos de Castilla y Aragón /
Mención de responsabilidad, etc. por Cesáreo Fernández Duro.
260 ## - PUBLICACIÓN, DISTRIBUCIÓN, ETC.
Lugar de publicación, distribución, etc. Madrid :
Nombre del editor, distribuidor, etc. [s.n.],
Fecha de publicación, distribución, etc. 1895-1903 (
Fabricante Estab. Tip. "Sucesores de Rivadeneyra")
300 ## - DESCRIPCIÓN FÍSICA
Extensión 9 v. :
Otras características físicas il. ;
Dimensiones 25 cm.
530 ## - NOTA DISPONIBLE DE FORMULARIO FÍSICO ADICIONAL
Nota de formato físico adicional disponible Disponible en formato digital.
594 ## - Nota al título y mención de responsabilidad
Nota al título y mención de responsabilidad Tít. del v. 1: Armada española: desde la unión de los reinos de Castilla y León.
650 #4 - PUNTO DE ACCESO ADICIONAL DE MATERIA--TÉRMINO DE MATERIA
Término de materia o nombre geográfico como elemento de entrada Marina de guerra-
Subdivisión geográfica España-
Subdivisión de forma Historia.
9 (RLIN) 14782
651 #4 - PUNTO DE ACCESO ADICIONAL DE MATERIA--NOMBRE GEOGRÁFICO
Nombre geográfico España-
Subdivisión general Historia naval.
9 (RLIN) 8375
852 ## - LOCALIZACIÓN
Ubicación ES-MaACL
Número de control de estantería C-1887-95
856 ## - LOCALIZACIÓN Y ACCESO ELECTRÓNICOS
Identificador Uniforme de Recursos <a href="http://bdh-rd.bne.es/viewer.vm?id=0000141099&page=1 ">http://bdh-rd.bne.es/viewer.vm?id=0000141099&page=1 </a>
Nota pública Biblioteca Digital Hispánica
Holdings
Estatus retirado Estado de pérdida Estado de daño No para préstamo Colección Biblioteca de origen Biblioteca actual Ubicación en estantería Fecha de adquisición Fuente de adquisición Total de préstamos Signatura topográfica completa Código de barras Visto por última vez Precio de reemplazo Tipo de ítem Koha
        Colección digital Biblioteca del Ateneo de Madrid Biblioteca del Ateneo de Madrid Mesetón 17/01/2008     C-1887-95 1056421 23/02/2023 23/02/2023 Libro impreso antiguo